| 000 | 00899cab a2200265 4500 | ||
|---|---|---|---|
| 001 | ABS48093 | ||
| 008 | 090401t1993 xxu||||| |||| 00| 0 eng d | ||
| 035 | _a(Sirsi) u64929 | ||
| 041 | _aeng | ||
| 100 | _aKafetzis, G. | ||
| 245 | _aBuilding in the hot spots | ||
| 260 | _c1993 | ||
| 350 | _a0 | ||
| 490 |
_aChartered Builder _v5(1) February 1993, 6-7(2) |
||
| 520 | _aCompares qualifications and professional practice in the construction industries of Greece and Spain, specifically the Canary Islands. Advice is offered to British professionals considering working in these countries, or to firms planning cross-border collaboration. | ||
| 650 | _aCANARY ISLANDS | ||
| 650 | _aCONSTRUCTION INDUSTRY | ||
| 650 | _aGREECE | ||
| 650 | _aWORK REQUIREMENTS | ||
| 690 | _aBUILT ENVIRONMENT | ||
| 690 | _aOVERSEAS-EUROPE | ||
| 700 | _aClarke, B. | ||
| 942 | _n0 | ||
| 948 | _c04/03/1997 | ||
| 999 |
_c40457 _d40457 |
||